000 00464nam a2200169 a 4500
005 20140412111338.0
008 031007s19uu xx 00 eng d
020 _a983-172-350-3
050 _aTR(PS E
_bBe35
245 _aBefore it rains (just).
260 _aKuala Lumpur, Malaysia :
_bKiddibird Sdn., Bhd,
_c[n.d.]
300 _a16 p. ; ill.
440 _aLittle tadpole series
650 _aScience stories
650 _aChildren stories
999 _c105065
_d105065